000 00600nam a22002057a 4500
999 _c13997
_d13997
003 MIRAKIL
005 20200827115051.0
008 200827b tu ||||| |||| 00| 0 tur d
040 _aTR-AnCHP
_cTR-AnCHP
041 _atur
082 _a811.42
_bA77y 1986
100 _aAtsız, Hüseyin Nihal
245 1 0 _aYolların sonu/
_cHüseyin Nihal Atsız.
250 _a6 bs.
260 _aİstanbul:
_bÖtüken Neşriyat,
_c1986.
300 _a108 s.:
_c19 sm.
490 0 _aÖtüken Neşriyat;
_a Edebi eserler;
_vYayın ; no: 84.
_v38.
650 0 _919
_aTürk edebiyatı
_xŞiirler
942 _2ddc
_cBKS